South American : on a shoestring.

Bibliographic Details
Other Authors: Bernhardson, Wayne
Format: Book
Published: Hawthorn: Lonely Planet, 1994.
Edition:5th ed.
Subjects:
LEADER 00528cam a2200193 7i4500
001 0000004054
005 19991025090000.0
002 ##000005501
020 0 0 |a 0-86442-199-2  
090 0 0 |a AM.L 910.202   |b SOU 
245 0 0 |a South American :   |b on a shoestring. 
250 0 0 |a 5th ed. 
260 0 0 |a Hawthorn:   |b Lonely Planet,   |c 1994. 
300 0 0 |a 1162 p.. 
500 0 0 |a Includes index 
650 0 0 |a Voyages and travel  
651 0 0 |a Latin America  
700 0 0 |a Bernhardson, Wayne  
999 |a 0000006225  |b Book  |c Open shelf  |e Business Information Centre